Stephen Leacock (Record no. 96796)

MARC details
000 -LEADER
fixed length control field 00936nam a2200229Ii 4500
008 - FIXED-LENGTH DATA ELEMENTS--GENERAL INFORMATION
fixed length control field 221202s xx 000 0 und d
100 1# - MAIN ENTRY--PERSONAL NAME
Personal name Staines, David,
Relator term author
245 #0 - TITLE STATEMENT
Title Stephen Leacock
246 ## - VARYING FORM OF TITLE
Title proper/short title A Reappraisal
264 ## - PRODUCTION, PUBLICATION, DISTRIBUTION, MANUFACTURE, AND COPYRIGHT NOTICE
Name of producer, publisher, distributor, manufacturer University of Ottawa Press
Date of production, publication, distribution, manufacture, or copyright notice 1986
300 ## - PHYSICAL DESCRIPTION
Extent 1 online resource (184 pages)
336 ## - CONTENT TYPE
Content type term text
Content type code txt
Source rdacontent
337 ## - MEDIA TYPE
Media type term computer
Media type code c
Source rdamedia
338 ## - CARRIER TYPE
Carrier type term online resource
Carrier type code cr
Source rdacarrier
490 ## - SERIES STATEMENT
Series statement Reappraisals: Canadian Writers
520 ## - SUMMARY, ETC.
Summary, etc. This collection of essays explores the many dimensions of the writings of Stephen Leacock, the well-loved Canadian author of <i>Sunshine Sketches of a Little Town</i>.
653 ## - INDEX TERM--UNCONTROLLED
Uncontrolled term Canada
653 ## - INDEX TERM--UNCONTROLLED
Uncontrolled term Essays
653 ## - INDEX TERM--UNCONTROLLED
Uncontrolled term Stephen Leacock
856 ## - ELECTRONIC LOCATION AND ACCESS
Uniform Resource Identifier <a href="https://docs.google.com/spreadsheets/d/1yKIrdCPDAG_9c22mwoOIO2DOhtj65Wqa/edit?usp=sharing&ouid=106555315294820607512&rtpof=true&sd=true ">https://docs.google.com/spreadsheets/d/1yKIrdCPDAG_9c22mwoOIO2DOhtj65Wqa/edit?usp=sharing&ouid=106555315294820607512&rtpof=true&sd=true </a>
Link text List of Curated E-Books
942 ## - ADDED ENTRY ELEMENTS (KOHA)
Koha item type E-Book

No items available.

University of Rizal System
Email us at univlibservices@urs.edu.ph

Visit our Website www.urs.edu.ph/library